Britain's naval power. A short history of the growth of the British Navy from the earliest times to Trafalgar
Uloženo v:
| Hlavní autor: | |
|---|---|
| Médium: | Kniha |
| Jazyk: | angličtina |
| Vydáno: |
Londres
Macmillan and Co.
1894
|
| Vydání: | 1a. ed |
| Témata: | |
| Tagy: |
Přidat tag
Žádné tagy, Buďte první, kdo vytvoří štítek k tomuto záznamu!
|
MARC
| LEADER | 00000nam a2200000 a 4500 | ||
|---|---|---|---|
| 001 | UCJ7057 | ||
| 003 | CL-VaPUC | ||
| 008 | 070124e18941113UK |||||||||||||||||eng|d | ||
| 082 | 0 | 4 | |a 942 |b WIL |2 21 |
| 100 | 0 | |a Williams, Hamilton |e author |9 514942 | |
| 245 | 1 | 0 | |a Britain's naval power. A short history of the growth of the British Navy from the earliest times to Trafalgar |
| 250 | |a 1a. ed | ||
| 300 | |a ix, 265 p | ||
| 942 | |c BK | ||
| 945 | |d 20070124 00:00:00 |a rinostro | ||
| 260 | |a Londres |b Macmillan and Co. |c 1894 | ||
| 500 | |a 8§, media pasta tafilete.- Apostillado.- Front., retrato de Nelson.- Ilustraciones conforme a lo señalado en índice.- Advierte errata | ||
| 600 | 0 | 7 | |a ALFREDO EL GRANDE |2 CL-VaPUC |9 514943 |
| 600 | 0 | 7 | |a RICARDO I |2 CL-VaPUC |9 514944 |
| 600 | 0 | 7 | |a NELSON, HORACIO |2 CL-VaPUC |9 438300 |
| 650 | 0 | |a Historia naval |9 268284 | |
| 650 | 7 | |a BATALLAS NAVALES |2 CL-VaPUC |9 441547 | |
| 650 | 0 | |a Arquitectura naval |9 261969 | |
| 650 | 0 | |a Iconografía |9 267998 | |
| 650 | 0 | |a Ilustraciones |9 369481 | |
| 651 | 0 | |a Inglaterra |9 255158 | |
| 583 | |a last modification |c 20070124 00:00:00 |k Rodrigo Vera | ||
| 999 | |c 323159 |d 323157 | ||
| 952 | |0 0 |1 0 |4 0 |6 942_000000000000000_WIL_1894 |7 0 |8 X |9 402533 |a FDOBUD |b FDOBUD |d 2019-11-22 |i 1050249 |o 942 WIL 1894 |p 1050249 |r 2019-11-22 |w 2019-11-22 |y BK_X |k BUD | ||